| 000 | 00652nam a2200205 a 4500 | ||
|---|---|---|---|
| 005 | 20240817063805.0 | ||
| 008 | 991125s1920 mx 000 0 spa u | ||
| 035 | _aUPN01000013191 | ||
| 049 | _aCE | ||
| 050 | 4 |
_aP721 _bD5.2 1920 |
|
| 100 | 1 |
_aDíaz de León Avila, Jesús, _d1851-1919 _932906 |
|
| 245 | 1 | 0 |
_aCurso de raíces griegas / _cJesús Díaz de León. |
| 250 | _a9a. ed. correg. y aum. | ||
| 260 |
_aMéxico : _bVda. de Ch. Bouret, _c1920. |
||
| 300 | _a270 p. | ||
| 500 | _aTambién disponible en la Colección Medina | ||
| 650 | 4 |
_aGriego _xEtimologías _920460 |
|
| 650 | 4 |
_aGRIEGO - _xGRAMATICA - _xESTUDIO Y ENSEÑANZA |
|
| 905 | _aLibro | ||
| 999 |
_c13191 _d13191 |
||